Subdivision capitals closest to Zenica (BA) - Statistics

General Stats
  • This quiz has been taken 9 times
  • The average score is 12 of 21
Answer Stats
Distance (km) Answer % Correct
5 85 Banja Luka
100%
7 96 Mostar
100%
2 56 Sarajevo
100%
8 104 Brčko
67%
9 104 Goražde
67%
4 83 Livno
67%
11 112 Orašje
67%
6 94 Široki Brijeg
67%
14 141 Split
67%
1 20 Travnik
67%
3 72 Tuzla
67%
15 149 Pljevlja
33%
13 138 Plužine
33%
12 127 Požega
33%
18 155 Šabac
33%
10 106 Slavonski Brod
33%
20 159 Sremska Mitrovica
33%
20 159 Užice
33%
19 158 Valjevo
33%
17 155 Vukovar
33%
16 152 Žabljak
33%
No matching quizzes found
Score Distribution
Percent of People with Each Score
Percentile by Number Answered
Your Score History
You have not taken this quiz